LEADER 00847nam0-22003251i-450- 001 990001184980403321 010 $a0-8176-4011-8 035 $a000118498 035 $aFED01000118498 035 $a(Aleph)000118498FED01 035 $a000118498 100 $a20000920d1999----km-y0itay50------ba 101 0 $aeng 200 1 $aHandbook of complex variables$fSteven G. Krantz 210 $aBoston$cBirkh?ser$dc1999 215 $axxiv, 290 p.$cill.$d24 cm 610 0 $aVariabili complesse 676 $a515.9 700 1$aKrantz,$bSteven G.$055961 801 0$aIT$bUNINA$gRICA$2UNIMARC 901 $aBK 912 $a990001184980403321 952 $aMAI-30-001$b17674$fMA1 959 $aMA1 962 $a30-02 962 $a32-02 962 $a33-02 996 $aHandbook of complex variables$9342408 997 $aUNINA DB $aING01 LEADER 03290nam 2200553 450 001 9910437650703321 005 20220411101333.0 010 $a3-11-059447-1 010 $a3-11-059786-1 024 7 $a10.1515/9783110597868 035 $a(CKB)4100000005043758 035 $a(DE-B1597)494362 035 $a(OCoLC)1046612589 035 $a(DE-B1597)9783110597868 035 $a(Au-PeEL)EBL5516062 035 $a(MiAaPQ)EBC5516062 035 $a(EXLCZ)994100000005043758 100 $a20181016d2018 uy 0 101 0 $aeng 135 $aurcnu|||||||| 181 $ctxt$2rdacontent 182 $cc$2rdamedia 183 $acr$2rdacarrier 200 10$aTheaternarratologie $eein erza?hltheoretisches Analyseverfahren fu?r Theaterinszenierungen /$fJan Horstmann 210 1$aBerlin ;$aBoston :$cDe Gruyter,$d[2018] 210 4$d©2018 215 $a1 online resource (288 pages) 225 1 $aNarratologia ;$vBand 64 311 $a3-11-059500-1 327 $tFrontmatter --$tVorwort --$tInhalt --$t1 .Einleitung --$t2. Narrativitätsbedingungen und Theater --$t3. Theorie der Erzählkommunikation --$t4. Erzähltheoretische Kommunikationsstruktur im Theater --$t5. Das Theatrale Repräsentationssystem (TRS) und seine Kanäle --$t6. Zeitlichkeit einer Theaterinszenierung --$t7.Raum als Analyseparameter --$t8.Perspektive und Fokalisierung im Theater --$t9.Beispielanalysen --$t10.Fazit: Die Produktivität eines narratologischen Analysemodells für Theaterinszenierungen --$tLiteraturverzeichnis --$tAbbildungsverzeichnis --$tInszenierungsregister --$tSachregister 330 $aDie narrative Dimension ist in der theaterwissenschaftlich orientierten Aufführungsanalyse bislang unterrepräsentiert.Um dieses Desiderat zu beheben, untersucht die Arbeit nicht etwa von Figuren erzählte Passagen in einzelnen Aufführungen, sondern stellt generell die Frage: Wie erzählt das Theater? Die Theaternarratologie entwickelt somit erstmals auf Grundlage eines umfassenden theoretischen Fundaments in Bezug auf die Forschungsfelder der klassischen und postklassischen Narratologie und der Theaterwissenschaft ein heuristisches Analysemodell performativen Erzählens, das sich zur praktischen Anwendung in der erzähltheoretischen Aufführungsanalyse eignet. Die entwickelten Analysekategorien machen es möglich, das theatrale Erzählen intersubjektiv nachvollziehbar zu beschreiben und in narratologischer Hinsicht nicht nur in intertheatrale, sondern auch in intermediale Kontexte zu stellen. Performativität und Narrativität werden zusammen und nicht als Gegensätze gedacht, wodurch die Möglichkeit einer Annäherung theaterwissenschaftlicher und narratologischer Forschung gegeben wird. 410 0$aNarratologia ;$vBand 64. 606 $aDiscourse analysis, Narrative 606 $aNarration (Rhetoric) 610 $aPerformativity. 610 $aanalysis. 610 $amultimodality. 610 $anarrativity. 615 0$aDiscourse analysis, Narrative. 615 0$aNarration (Rhetoric) 676 $a401/.41 700 $aHorstmann$b Jan$f1987-$0861004 801 0$bMiAaPQ 801 1$bMiAaPQ 801 2$bMiAaPQ 906 $aBOOK 912 $a9910437650703321 996 $aTheaternarratologie$91921462 997 $aUNINA LEADER 02061oam 2200553 450 001 9910132775003321 005 20170523091600.0 010 $a1-4205-0590-4 035 $a(OCoLC)671465815 035 $a(MiFhGG)GVRL4GVJ 035 $a(EXLCZ)993390000000024235 100 $a20100601d2010 uy 0 101 0 $aeng 135 $aurun|---uuuua 181 $ctxt 182 $cc 183 $acr 200 14$aThe information revolution /$fby Stuart A. Kallen 210 1$aDetroit, Mich. :$cLucent Books,$d2010. 215 $a1 online resource (104 pages) $ccolor illustrations 225 1 $aWorld history 300 $aBibliographic Level Mode of Issuance: Monograph 311 $a1-4205-0163-1 320 $aIncludes bibliographical references and index. 327 $aIntroduction: The universal brain -- Building a better calculator -- Kicking off the digital revolution -- The information superhighway -- The open sharing of information -- Web 2.0. 330 $aProvides an overview of important historical events or periods in world history. This volume focuses on the Information Revolution and includes topics on the development of the transistor and integrated circuit, or microchip, in the 1950s. 410 0$aWorld history series. 606 $aInformation society 606 $aElectronic data processing 606 $aComputers$xHistory 606 $aElectronic digital computers 606 $aInformation superhighway 606 $aInformation technology 606 $aInformation networks 615 0$aInformation society. 615 0$aElectronic data processing. 615 0$aComputers$xHistory. 615 0$aElectronic digital computers. 615 0$aInformation superhighway. 615 0$aInformation technology. 615 0$aInformation networks. 676 $a303.48/34 700 $aKallen$b Stuart A.$f1955-$01237606 801 0$bMiFhGG 801 1$bMiFhGG 906 $aBOOK 912 $a9910132775003321 996 $aThe information revolution$92872839 997 $aUNINA